World's Anthem LoL - Statistics

General Stats
  • This quiz has been taken 46 times
  • The average score is 8 of 11
Answer Stats
Hint Singer Song % Correct
2024 Linkin Park Heavy is the crown
93%
2014 Imagine Dragon Warrior
93%
2023 NewJeans GODS
88%
2017 Alan Walker, Mako, Against the current Legends Never Die
88%
2018 The World Alive, Mako RISE
85%
2022 Lil Nas X Star Walkin'
80%
2019 Caillin russo, Crissy Crostanza Phoenix
73%
2016 Tim James Ignite
65%
2021 PVRIS Burn it all down
55%
2020 Max Take Over
48%
2015 Nicki Taylor World's Collide
45%
No matching quizzes found
Score Distribution
Percent of People with Each Score
Percentile by Number Answered
Your Score History
You have not taken this quiz